000 00245nam a22000857a 4500
008 161201b xxu||||| |||| 00| 0 eng d
100 _91644
_aBanerjee, A., etal
245 _aInteraction in English - Work Book IV
260 _aNew Delhi
_bFrank Bro.
_c2005
999 _c4356
_d4356